|
|
|
|
| LEADER |
00000nam0a2200000 4500 |
| 001 |
57262 |
| 005 |
20231031054139.0 |
| 035 |
|
|
|a (RuTPU)RU\TPU\book\60406
|
| 090 |
|
|
|a 57262
|
| 100 |
|
|
|a 20031027d1979 km y0rusy50 ca
|
| 101 |
0 |
|
|a rus
|
| 102 |
|
|
|a RU
|
| 105 |
|
|
|a a z 001zy
|
| 200 |
1 |
|
|a Тиристорные системы электропривода с упругими связями
|f Ю. А. Борцов, Г. Г. Соколовский
|
| 210 |
|
|
|a Ленинград
|c Энергия
|d 1979
|
| 215 |
|
|
|a 160 с.
|c ил.
|
| 320 |
|
|
|a Библиогр.: с. 155-158.
|
| 610 |
1 |
|
|a электроприводы
|
| 610 |
1 |
|
|a электротехника
|
| 610 |
1 |
|
|a управление
|
| 610 |
1 |
|
|a методы исследования
|
| 610 |
1 |
|
|a анализ
|
| 610 |
1 |
|
|a синтез
|
| 610 |
1 |
|
|a тиристорные устройства
|
| 675 |
|
|
|a 62-83-52
|v 3
|
| 700 |
|
1 |
|a Борцов
|b Ю. А.
|g Юрий Анатольевич
|
| 701 |
|
1 |
|a Соколовский
|b Г. Г.
|g Георгий Георгиевич
|
| 801 |
|
1 |
|a RU
|b 63413507
|c 20031027
|g PSBO
|
| 801 |
|
2 |
|a RU
|b 63413507
|c 20140618
|g PSBO
|
| 942 |
|
|
|c BK
|